| 000 | 00503nam a2200181Ia 4500 | ||
|---|---|---|---|
| 005 | 20250508161622.0 | ||
| 008 | 008 250505s9999 xx 000 0 eng d | ||
| 037 | _aTextual | ||
| 040 |
_aFEDL _beng _cFEDL |
||
| 041 |
_aeng _2eng |
||
| 084 |
_a610, NOV _qFEDL |
||
| 100 |
_aNovak Gail Ed. _9771072 |
||
| 245 | 0 | _aYour career oportunities in medicine | |
| 260 |
_aNew York, USA _bRowman and Littlefield _c1962 |
||
| 300 | _a64p. | ||
| 942 |
_cTEXL _h610, NOV |
||
| 999 |
_c1371158 _d1371158 |
||